000 00664nam a22001937a 4500
999 _c15968
_d15968
003 AR-CdUCM
008 190430b ||||| |||| 00| 0 spa d
040 _aMUNICIPALIDAD PROVINCIAL DEL CUSCO
_cBIBLIOTECA MUNICIPAL DEL CUSCO
082 _aC / 630 /
_bC93
100 _aCuentas, Alberto
_924993
245 _aLa irrigación de las pampas de Hilave /
260 _aPuno :
_bHilave,
_c1953.
300 _a51 páginas ;
_c22 cm.
505 _aElectrificación -- Agua potable -- Fabrica de tejidos -- Piscinas municipales -- Centro de educación indigenal...
650 _aHilave.
_935225
650 _aDesarrollo.
_92021
942 _2ddc
_cLIBROS
945 _awfj